Statistics for KPop Song Title Vocabulary

Click here to take the quiz!

General Stats

  • This quiz has been taken 290 times
  • The average score is 11 of 20

Answer Stats

Musical ActDefinitionSong% Correct
JennieDone by one person aloneSolo
89%
PSYMan who is polite and well educatedGentleman
87%
4MinuteInsaneCrazy
82%
Monsta XLarge reptile similar to crocodileAlligator
79%
GOT7Gentle song sung to send a child to sleepLullaby
74%
Red VelvetPerson suffering from chronic mental disorderPsycho
71%
BigBangDefeated personLoser
70%
EXOLow guttural sound made in the throatGrowl
69%
BlackpinkTo continue to be in a particular place for a period of timeStay
68%
BTSSelf-replicating material present in nearly all living organismsDNA
63%
Girls' GenerationFreelance photographer who pursues celebritiesPaparazzi
58%
2NE1State of not having any friends or companyLonely
56%
J-HopePleasant thoughts that make you forget about the presentDaydream
53%
SunmiWoman admired or idealized for her courageHeroine
41%
VIXXMistakeError
36%
TwiceFeel a desire or liking forFancy
35%
MamamooSelf-centeredEgoistic
23%
NCT 127Arranged in a constant or definite patternRegular
19%
WinnerPrompted by feelings of tenderness and sadnessSentimental
7%
SeventeenAn outstanding part of an event or period of timeHighlight
6%

Score Distribution

Percentile by Number Answered

Percent of People with Each Score

Your Score History

You have not taken this quiz